000 01386nam a22003137a 4500
005 20110121101319.0
008 110121t xxu||||| |||| 00| 0 eng d
010 _aENG-101920
020 _a9780071070966
_c250.00
035 _aEN-85453
037 _bDBAD/PUB
040 _adpl
_bEng
082 0 0 _a650.14
100 1 _aDeLuca, Matthew J.
_925425
245 1 0 _aBest answers to the 201 most frequently asked interview questions /
_cby Matthew J. DeLuca [and] Nanette F. DeLuca
250 _a2nd ed
260 _aNew Delhi
_bTata McGraw-Hill
_c2010
270 _a7 West Patel Nagar
_bNew Delhi
_e110008
300 _axxii, 217 p.
_c23 cm (pbk)
500 _aIncludes index
650 0 _aEmployment interviewing.
_925426
700 1 _aDeLuca, Nanette F.
_925427
856 4 2 _3Contributor biographical information
_uhttp://www.loc.gov/catdir/bios/mh041/2001269259.html
856 4 2 _3Publisher description
_uhttp://www.loc.gov/catdir/description/mh021/2001269259.html
856 4 1 _3Table of contents
_uhttp://www.loc.gov/catdir/toc/mh021/2001269259.html
942 _2ddc
_cEN
_h650.14
_mDEL
999 _c49988
_d49988